000 02066nam0a2200385 4500
001 RU\NLR\bibl\894751
005 20250614173907.0
010 _a5-225-04848-X
_bв пер.
_95000
021 _aRU
_b2005-67857
_93343
035 _a(nilc)RSL-KNO-002757378
035 _a(NLR Aleph) 000883224
090 _a1672127
_c1672127
100 _a20051025d2005 |||y0rusy50 ca
101 0 _arus
102 _aRU
105 _aa |||||||||
106 _ar
200 1 _aОсновы современной фитотерапии
_eучебное пособие для слушателей системы послевузовского профессионального образования врачей
_fГ.К. Никонов
_gБ.М. Мануйлов
210 _aМосква
_cМЕДИЦИНА
_d2005
_gОАО Можайский полигр. комб.
215 _a517, [1] c. с.
_cцв. ил.
_d22
225 1 _aУчебная литература для слушателей системы последипломного образования
300 _aНа 4-й с. обл. авт.: Никонов Г.К., д.фармацевт.н., проф., акад., д. чл. Междунар. акад. по информатизации, Мануйлов Б.М., д.б.н., проф., акад., д. чл. РАЕН
320 _aБиблиогр. в конце кн.
606 1 _aФитотерапия
_jУчебные издания
_9939875
_3RU\NLR\auth\6628908
610 0 _aЗдравоохранение. Медицинские науки -- Лекарственная терапия -- Фитотерапия -- Пособие для специалистов
686 _aР352.5,07
_2rubbk
686 _aР352.5я77
700 1 _aНиконов
_bГ. К.
_gГеоргий Константинович
_4070
701 1 _aМануйлов
_bБ. М.
_gБорис Михайлович
_4070
801 0 _aRU
_bRuMoRKP
_c20051025
_grcr
801 1 _aRU
_bRuMoRGB
_c20051025
801 2 _aRU
_bNLR
_c20051228
_grcr
942 _cBOOK
980 _aNB